000 00622nam a2200217Ia 4500
005 20260429111940.0
008 260429s9999||||xx |||||||||||||| ||und||
020 _a9788126939985
041 _aEnglish
082 _a791.4
_bVIS
100 _aViswamohan, Aysha
245 0 _aBehind the scenes :
_bcontemporary Bollywood directors and their cinema /
_cAysha Viswamohan
260 _aNew Delhi :
_bAtlantic Publishers,
_c2024.
300 _axxvi, 392 p.; hb
650 _a Bollywood cinema
650 _a Bollywood directors
650 _a Film
650 _aCinema
700 _a John, Vimal Mohan
942 _cTB
999 _c51572
_d51572